| 000 | 01313nam a2200349 ia4500 | ||
|---|---|---|---|
| 005 | 20260405113022.0 | ||
| 008 | 260405b my a jr 000 1 may d | ||
| 020 | _a9789670053233 (set) | ||
| 020 |
_a9789670053172 _cRM6.50 _qpaperback |
||
| 040 |
_aPPAK _beng _cPPAK _erda |
||
| 082 | 0 | 4 |
_a899.2333 _223 |
| 090 | 0 | 0 |
_a899.2333 _bCER _dK |
| 245 | 0 | 0 |
_aCerita Moral untuk Kanak-kanak : _bBurung Bayan yang Cerdik = بوروڠ باين يڠ چرديق = The Clever Parakeet / _cDisunting oleh Sulaiman Zakaria, Suzee Leong. |
| 264 | 1 |
_aBatu Caves, Selangor : _bSri Saujana Marketing, _c[date of publication not identified] |
|
| 300 |
_a16 pages : _bcolour illustrations ; _c26 cm |
||
| 336 |
_atext _2rdacontent |
||
| 336 |
_astill image _2rdacontent |
||
| 337 |
_aunmediated _2rdamedia |
||
| 338 |
_avolume _2rdacarrier |
||
| 490 | 1 | _aSiri Burung Bayan | |
| 546 | _aText in Malay, English and Jawi Scripts. | ||
| 650 | 1 | 0 | _aChildren's stories, Malay. |
| 650 | 2 | 0 | _aChildren's stories, English. |
| 650 | 2 | 0 | _aDidactic fiction, Malay. |
| 650 | 2 | 0 | _aDidactic fiction, English. |
| 650 | 2 | 0 | _aMalay fiction |
| 650 | 2 | 0 | _aJawi alphabet. |
| 700 | 0 |
_aSulaiman Zakaria, _eeditor. |
|
| 700 | 0 |
_aLeong, Suzee, _eeditor. |
|
| 830 | 0 | _aSiri burung bayan | |
| 942 |
_2ddc _cB |
||
| 999 |
_c203671 _d203671 |
||